| 000 | 00000nam##2200000za#4500 |
| 001 | 9.570972 |
| 003 | CaOODSP |
| 005 | 20210624182510 |
| 007 | cr ||||||||||| |
| 008 | 150406|2010||||xxc|||||o f|0| 0 eng|d |
| 040 | |aCaOODSP|beng |
| 043 | |an-cn--- |
| 086 | 1 |aYC25-0/403-4E-PDF |
| 110 | 1 |aCanada. |bParliament. |bSenate. |bStanding Committee on Fisheries and Oceans. |
| 245 | 14|aThe management of fisheries and oceans in Canada's Western Arctic : |h[electronic resource]|breport of the Standing Senate Committee on Fisheries and Oceans / |cThe Honourable Bill Rompkey, chair; the Honourable Dennis Glen Patterson, deputy chair. |
| 260 | |aOttawa - Ontario : |bSenate. |cMay 2010. |
| 300 | |a70p.|bcoloured maps, graphs, references, tables |
| 490 | 1 |aReport of the Standing Senate Committee on Fisheries and Oceans|v40th Parliament, 3rd Session, [4th report] |
| 590 | |a11-12-Supp|b2011-07-29 |
| 775 | 08|tLa gestion des pêches et des océans dans l'ouest de l'Arctique canadien : |w(CaOODSP)9.601614 |
| 830 | #0|aReport of the Standing Senate Committee on Fisheries and Oceans ;|v40th Parliament, 3rd Session, [4th report]|w(CaOODSP)9.505799 |
| 856 | 40|ahttp://publications.gc.ca|qPDF|s2.26 MB|uhttps://publications.gc.ca/collections/collection_2011/sen/yc25-0/YC25-0-403-4-eng.pdf|y40th Parliament, 3rd Session, [4th report] |